Dva uhly pohľadu

Bibliographic Details
Main Author: Šrámek, Ľudovít, 1949-2020 (Author)
Format: Article
Language:Slovak
PhysicalDescription:Tab.
ISSN:0322-7049
Subjects:

MARC

LEADER 00000nab a2200000 a 4500
001 vtls000746991
003 SK-MaSNL
005 20260304131130.0
008 250429c2000 xo 0 slo
015 |a SNBRA2001/02-05219 
035 |a CLN000098822 
035 |a urn:nbn:sk:snk-abl5y 
035 |a (urnnbn)urn:nbn:sk:snk:ar-a03h01 
035 |a (uuid)5a31cfd2-fc1b-46e2-8aef-ffed800cb400 
040 |a SNKBUCL  |b slo  |c SNKBUCL  |e AACR2 
041 0 |a slo 
044 |a xo  |c SK 
080 |a 659.4(437.6):654.17/.19  |2 1997 
080 |a 659.2:061.1(437.6)  |2 1997 
080 |a 654.17/.19(437.6)  |2 1997 
100 1 |a Šrámek, Ľudovít,  |d 1949-2020  |4 aut  |9 233840 
245 1 0 |a Dva uhly pohľadu  |c Ľudovít Šrámek 
300 |b Tab. 
610 7 |a Mediálne informačné centrum (Bratislava, Slovensko)  |x rozhlas  |y 2000  |2 snkbucl  |9 1443755 
610 7 |a Rádio Východ (Slovensko)  |x sledovanosť  |2 snkbucl  |9 1443756 
610 7 |a Televízia Luna (Bratislava, Slovensko)  |x sledovanosť  |2 snkbucl  |9 1443757 
655 7 |a články z novín a časopisov  |2 snkbucl  |9 267496 
773 0 |t Otázky žurnalistiky  |g Roč. 43, č. 2 (2000), s. 137-138  |x 0322-7049 
850 |a Slovenská národná knižnica 
852 |a Slovenská národná knižnica 
954 |a odborná, vedecká literatúra pôvodná (slovenská)  |2 lita 
958 |a article27 
958 |a SK 
958 |a OND 
958 |a EUIPO 
992 |a RBX 
999 |c 2896183  |d 2898113